| 000 | 00548nam a2200217Ia 4500 | ||
|---|---|---|---|
| 008 | 180523s9999 xx 000 0 und d | ||
| 020 | _a9814-12-610-1 | ||
| 050 | _aMAIN QC 21.2 | ||
| 050 | _b.B56 2001 c.2 | ||
| 100 | _aBloomfield, Louis A. | ||
| 245 | 0 | _aHow things work : | |
| 245 | 4 | _bthe physics of everyday life / | |
| 245 | 0 | _cLouis A. Bloomfield | |
| 250 | _a2nd Edition | ||
| 260 | _bJohn Wiley & Sons, | ||
| 260 | _c2001 | ||
| 300 | _a512 pages : | ||
| 300 | _c23 cm. | ||
| 500 | _aIncludes index. | ||
| 650 | _aPhysics. | ||
| 999 |
_c357497 _d357497 |
||